<?xml version="1.0" encoding="UTF-8"?>
<record
    xmlns:xsi="http://www.w3.org/2001/XMLSchema-instance"
    xsi:schemaLocation="http://www.loc.gov/MARC21/slim http://www.loc.gov/standards/marcxml/schema/MARC21slim.xsd"
    xmlns="http://www.loc.gov/MARC21/slim">

  <leader>04661nam0a2200469   4500</leader>
  <controlfield tag="001">RU\NLR\bibl\1313012</controlfield>
  <controlfield tag="005">20260407191130.0</controlfield>
  <datafield tag="010" ind1=" " ind2=" ">
    <subfield code="a">978-5-17-055166-8</subfield>
    <subfield code="b">&#x410;&#x421;&#x422;</subfield>
  </datafield>
  <datafield tag="010" ind1=" " ind2=" ">
    <subfield code="a">978-5-9713-9101-2</subfield>
    <subfield code="b">&#x410;&#x421;&#x422; &#x41C;&#x43E;&#x441;&#x43A;&#x432;&#x430;</subfield>
    <subfield code="9">5000</subfield>
  </datafield>
  <datafield tag="021" ind1=" " ind2=" ">
    <subfield code="a">RU</subfield>
    <subfield code="b">2008-89113</subfield>
    <subfield code="9">5206</subfield>
  </datafield>
  <datafield tag="035" ind1=" " ind2=" ">
    <subfield code="a">(NLR Aleph) 001298440</subfield>
  </datafield>
  <datafield tag="090" ind1=" " ind2=" ">
    <subfield code="a">603762</subfield>
    <subfield code="c">603762</subfield>
  </datafield>
  <datafield tag="100" ind1=" " ind2=" ">
    <subfield code="a">20081111d2008    |||y0rusy50      ca</subfield>
  </datafield>
  <datafield tag="101" ind1="0" ind2=" ">
    <subfield code="a">rus</subfield>
  </datafield>
  <datafield tag="102" ind1=" " ind2=" ">
    <subfield code="a">RU</subfield>
  </datafield>
  <datafield tag="105" ind1=" " ind2=" ">
    <subfield code="a">y   |||||||||</subfield>
  </datafield>
  <datafield tag="200" ind1="1" ind2=" ">
    <subfield code="a">&#x423;&#x431;&#x438;&#x442;&#x44C; &#x447;&#x443;&#x436;&#x43E;&#x433;&#x43E;</subfield>
    <subfield code="e">[&#x441;&#x431;&#x43E;&#x440;&#x43D;&#x438;&#x43A; &#x43F;&#x440;&#x43E;&#x438;&#x437;&#x432;&#x435;&#x434;&#x435;&#x43D;&#x438;&#x439; &#x437;&#x432;&#x435;&#x437;&#x434; &#x440;&#x443;&#x441;&#x441;&#x43A;&#x43E;&#x439; &#x444;&#x430;&#x43D;&#x442;&#x430;&#x441;&#x442;&#x438;&#x43A;&#x438;]</subfield>
    <subfield code="f">EUROCON 2008</subfield>
    <subfield code="g">&#x441;&#x43E;&#x441;&#x442;. &#x410;&#x43D;&#x434;&#x440;&#x435;&#x439; &#x421;&#x438;&#x43D;&#x438;&#x446;&#x44B;&#x43D;</subfield>
  </datafield>
  <datafield tag="210" ind1=" " ind2=" ">
    <subfield code="a">&#x41C;&#x43E;&#x441;&#x43A;&#x432;&#x430;</subfield>
    <subfield code="c">&#x42D;&#x43A;&#x441;&#x43C;&#x43E;</subfield>
    <subfield code="d">2008</subfield>
  </datafield>
  <datafield tag="215" ind1=" " ind2=" ">
    <subfield code="a">478, [1] &#x441;.</subfield>
    <subfield code="d">22</subfield>
  </datafield>
  <datafield tag="225" ind1="1" ind2=" ">
    <subfield code="a">&#x422;&#x43E;&#x43B;&#x44C;&#x43A;&#x43E; &#x43D;&#x43E;&#x432;&#x44B;&#x435; &#x43F;&#x440;&#x43E;&#x438;&#x437;&#x432;&#x435;&#x434;&#x435;&#x43D;&#x438;&#x44F;</subfield>
  </datafield>
  <datafield tag="327" ind1="0" ind2=" ">
    <subfield code="a">&#x421;&#x43E;&#x434;&#x435;&#x440;&#x436;.: &#x427;&#x43E;&#x437;&#x430; &#x433;&#x440;&#x438;&#x431;&#x44B; / &#x41B;&#x435;&#x43E;&#x43D;&#x438;&#x434; &#x41A;&#x430;&#x433;&#x430;&#x43D;&#x43E;&#x432;. &#x41C;&#x44B; &#x440;&#x430;&#x431;&#x43E;&#x442;&#x430;&#x435;&#x43C; &#x437;&#x430; &#x434;&#x435;&#x43D;&#x44C;&#x433;&#x438; / &#x41E;&#x43B;&#x435;&#x433; &#x414;&#x438;&#x432;&#x43E;&#x432;. &#x412;&#x440;&#x435;&#x43C;&#x44F; &#x440;&#x430;&#x437;&#x431;&#x440;&#x430;&#x441;&#x44B;&#x432;&#x430;&#x442;&#x44C; &#x43A;&#x430;&#x43C;&#x43D;&#x438; / &#x415;&#x432;&#x433;&#x435;&#x43D;&#x438;&#x439; &#x41B;&#x443;&#x43A;&#x438;&#x43D;. &#x410;&#x441;&#x44C;&#x43A;&#x430; / &#x418;&#x440;&#x438;&#x43D;&#x430; &#x410;&#x43D;&#x434;&#x440;&#x43E;&#x43D;&#x430;&#x442;&#x438;, &#x410;&#x43D;&#x434;&#x440;&#x435;&#x439; &#x41B;&#x430;&#x437;&#x430;&#x440;&#x447;&#x443;&#x43A;. &#x417;&#x435;&#x43B;&#x435;&#x43D;&#x44B;&#x435; &#x43D;&#x435;&#x447;&#x435;&#x43B;&#x43E;&#x432;&#x435;&#x447;&#x43A;&#x438; / &#x412;&#x430;&#x441;&#x438;&#x43B;&#x438;&#x439; &#x413;&#x43E;&#x43B;&#x43E;&#x432;&#x430;&#x447;&#x435;&#x432;. &#x422;&#x440;&#x443;&#x434;&#x43D;&#x43E; &#x43E;&#x434;&#x435;&#x440;&#x436;&#x430;&#x442;&#x44C; &#x43F;&#x43E;&#x440;&#x430;&#x436;&#x435;&#x43D;&#x438;&#x435; / &#x412;&#x43B;&#x430;&#x434;&#x438;&#x43C;&#x438;&#x440; &#x41C;&#x438;&#x445;&#x430;&#x439;&#x43B;&#x43E;&#x432;. &#x421;&#x43A;&#x432;&#x435;&#x440;&#x43D;&#x430; / &#x410;&#x43B;&#x435;&#x43A;&#x441;&#x430;&#x43D;&#x434;&#x440; &#x413;&#x440;&#x43E;&#x43C;&#x43E;&#x432;. &#x417;&#x430;&#x43A;&#x43E;&#x43B;&#x434;&#x43E;&#x432;&#x430;&#x43D;&#x43D;&#x44B;&#x439; &#x441;&#x435;&#x43A;&#x442;&#x43E;&#x440; / &#x412;&#x43B;&#x430;&#x434;&#x438;&#x43C;&#x438;&#x440; &#x412;&#x430;&#x441;&#x438;&#x43B;&#x44C;&#x435;&#x432;. &#x421;&#x43A;&#x430;&#x437;&#x43A;&#x430; &#x43E; &#x442;&#x440;&#x443;&#x441;&#x43B;&#x438;&#x432;&#x43E;&#x43C; &#x43F;&#x43E;&#x440;&#x442;&#x43D;&#x44F;&#x436;&#x43A;&#x435; / &#x421;&#x435;&#x440;&#x433;&#x435;&#x439; &#x41B;&#x443;&#x43A;&#x44C;&#x44F;&#x43D;&#x435;&#x43D;&#x43A;&#x43E;. &#x414;&#x438;&#x43F;&#x43B;&#x43E;&#x43C;&#x430;&#x442;&#x438;&#x447;&#x435;&#x441;&#x43A;&#x438;&#x439; &#x432;&#x43E;&#x43F;&#x440;&#x43E;&#x441; / &#x412;&#x430;&#x434;&#x438;&#x43C; &#x41F;&#x430;&#x43D;&#x43E;&#x432; [&#x438; &#x434;&#x440;.]</subfield>
  </datafield>
  <datafield tag="464" ind1=" " ind2="0">
    <subfield code="1">2001#$a&#x427;&#x43E;&#x437;&#x430; &#x433;&#x440;&#x431;&#x44B;</subfield>
    <subfield code="1">700#1$a&#x41A;&#x430;&#x433;&#x430;&#x43D;&#x43E;&#x432;$b&#x41B;.$g&#x41B;&#x435;&#x43E;&#x43D;&#x438;&#x434;$4070</subfield>
    <subfield code="t">&#x427;&#x43E;&#x437;&#x430; &#x433;&#x440;&#x431;&#x44B;</subfield>
    <subfield code="a">&#x41A;&#x430;&#x433;&#x430;&#x43D;&#x43E;&#x432;, &#x41B;&#x435;&#x43E;&#x43D;&#x438;&#x434;</subfield>
  </datafield>
  <datafield tag="464" ind1=" " ind2="0">
    <subfield code="1">2001#$a&#x41C;&#x44B; &#x440;&#x430;&#x431;&#x43E;&#x442;&#x430;&#x435;&#x43C; &#x437;&#x430; &#x434;&#x435;&#x43D;&#x44C;&#x433;&#x438;</subfield>
    <subfield code="1">700#1$3RU\NLR\auth\7723382$a&#x414;&#x438;&#x432;&#x43E;&#x432;$b&#x41E;. &#x418;.$f1968-$g&#x41E;&#x43B;&#x435;&#x433; &#x418;&#x433;&#x43E;&#x440;&#x435;&#x432;&#x438;&#x447;$4070</subfield>
    <subfield code="t">&#x41C;&#x44B; &#x440;&#x430;&#x431;&#x43E;&#x442;&#x430;&#x435;&#x43C; &#x437;&#x430; &#x434;&#x435;&#x43D;&#x44C;&#x433;&#x438;</subfield>
    <subfield code="a">&#x414;&#x438;&#x432;&#x43E;&#x432;, &#x41E;&#x43B;&#x435;&#x433; &#x418;&#x433;&#x43E;&#x440;&#x435;&#x432;&#x438;&#x447; (1968-)</subfield>
  </datafield>
  <datafield tag="464" ind1=" " ind2="0">
    <subfield code="1">2001#$a&#x412;&#x440;&#x435;&#x43C;&#x44F; &#x440;&#x430;&#x437;&#x431;&#x440;&#x430;&#x441;&#x44B;&#x432;&#x430;&#x442;&#x44C; &#x43A;&#x430;&#x43C;&#x43D;&#x438;</subfield>
    <subfield code="1">700#1$3RU\NLR\auth\7746705$a&#x41B;&#x443;&#x43A;&#x438;&#x43D;$b&#x415;. &#x412;.$g&#x415;&#x432;&#x433;&#x435;&#x43D;&#x438;&#x439; &#x412;&#x430;&#x43B;&#x435;&#x43D;&#x442;&#x438;&#x43D;&#x43E;&#x432;&#x438;&#x447;$f1956-$4070</subfield>
    <subfield code="t">&#x412;&#x440;&#x435;&#x43C;&#x44F; &#x440;&#x430;&#x437;&#x431;&#x440;&#x430;&#x441;&#x44B;&#x432;&#x430;&#x442;&#x44C; &#x43A;&#x430;&#x43C;&#x43D;&#x438;</subfield>
    <subfield code="a">&#x41B;&#x443;&#x43A;&#x438;&#x43D;, &#x415;&#x432;&#x433;&#x435;&#x43D;&#x438;&#x439; &#x412;&#x430;&#x43B;&#x435;&#x43D;&#x442;&#x438;&#x43D;&#x43E;&#x432;&#x438;&#x447; (1956-)</subfield>
  </datafield>
  <datafield tag="464" ind1=" " ind2="0">
    <subfield code="1">2001#$a&#x410;&#x441;&#x44C;&#x43A;&#x430;</subfield>
    <subfield code="1">700#1$a&#x410;&#x43D;&#x434;&#x440;&#x43E;&#x43D;&#x430;&#x442;&#x438;$b&#x418;.$g&#x418;&#x440;&#x438;&#x43D;&#x430;$4070</subfield>
    <subfield code="1">701#1$a&#x41B;&#x430;&#x437;&#x430;&#x440;&#x447;&#x443;&#x43A;$b&#x410;. &#x413;.$f1958-$g&#x410;&#x43D;&#x434;&#x440;&#x435;&#x439;$3RU\NLR\AUTH\770192223$4070</subfield>
    <subfield code="t">&#x410;&#x441;&#x44C;&#x43A;&#x430;</subfield>
    <subfield code="a">&#x410;&#x43D;&#x434;&#x440;&#x43E;&#x43D;&#x430;&#x442;&#x438;, &#x418;&#x440;&#x438;&#x43D;&#x430;</subfield>
  </datafield>
  <datafield tag="464" ind1=" " ind2="0">
    <subfield code="1">2001#$a&#x417;&#x435;&#x43B;&#x435;&#x43D;&#x44B;&#x435; &#x43D;&#x435;&#x447;&#x435;&#x43B;&#x43E;&#x432;&#x435;&#x447;&#x43A;&#x438;</subfield>
    <subfield code="1">700#1$3RU\NLR\auth\77906$a&#x413;&#x43E;&#x43B;&#x43E;&#x432;&#x430;&#x447;&#x435;&#x432;$b&#x412;. &#x412;.$f1948-$g&#x412;&#x430;&#x441;&#x438;&#x43B;&#x438;&#x439; &#x412;&#x430;&#x441;&#x438;&#x43B;&#x44C;&#x435;&#x432;&#x438;&#x447;$4070</subfield>
    <subfield code="t">&#x417;&#x435;&#x43B;&#x435;&#x43D;&#x44B;&#x435; &#x43D;&#x435;&#x447;&#x435;&#x43B;&#x43E;&#x432;&#x435;&#x447;&#x43A;&#x438;</subfield>
    <subfield code="a">&#x413;&#x43E;&#x43B;&#x43E;&#x432;&#x430;&#x447;&#x435;&#x432;, &#x412;&#x430;&#x441;&#x438;&#x43B;&#x438;&#x439; &#x412;&#x430;&#x441;&#x438;&#x43B;&#x44C;&#x435;&#x432;&#x438;&#x447; (1948-)</subfield>
  </datafield>
  <datafield tag="464" ind1=" " ind2="0">
    <subfield code="1">2001#$a&#x422;&#x440;&#x443;&#x434;&#x43D;&#x43E; &#x43E;&#x434;&#x435;&#x440;&#x436;&#x430;&#x442;&#x44C; &#x43F;&#x43E;&#x440;&#x430;&#x436;&#x435;&#x43D;&#x438;&#x435;</subfield>
    <subfield code="1">700#1$3RU\NLR\auth\7716908$a&#x41C;&#x438;&#x445;&#x430;&#x439;&#x43B;&#x43E;&#x432;$b&#x412;. &#x414;.$c&#x43F;&#x438;&#x441;&#x430;&#x442;&#x435;&#x43B;&#x44C;-&#x444;&#x430;&#x43D;&#x442;&#x430;&#x441;&#x442;$f1929-2008$g&#x412;&#x43B;&#x430;&#x434;&#x438;&#x43C;&#x438;&#x440; &#x414;&#x43C;&#x438;&#x442;&#x440;&#x438;&#x435;&#x432;&#x438;&#x447;$4070</subfield>
    <subfield code="t">&#x422;&#x440;&#x443;&#x434;&#x43D;&#x43E; &#x43E;&#x434;&#x435;&#x440;&#x436;&#x430;&#x442;&#x44C; &#x43F;&#x43E;&#x440;&#x430;&#x436;&#x435;&#x43D;&#x438;&#x435;</subfield>
    <subfield code="a">&#x41C;&#x438;&#x445;&#x430;&#x439;&#x43B;&#x43E;&#x432;, &#x412;&#x43B;&#x430;&#x434;&#x438;&#x43C;&#x438;&#x440; &#x414;&#x43C;&#x438;&#x442;&#x440;&#x438;&#x435;&#x432;&#x438;&#x447; (&#x43F;&#x438;&#x441;&#x430;&#x442;&#x435;&#x43B;&#x44C;-&#x444;&#x430;&#x43D;&#x442;&#x430;&#x441;&#x442; ; 1929-2008)</subfield>
  </datafield>
  <datafield tag="464" ind1=" " ind2="0">
    <subfield code="1">2001#$a&#x421;&#x43A;&#x432;&#x435;&#x440;&#x43D;&#x430;</subfield>
    <subfield code="1">700#1$3RU\NLR\AUTH\777965$a&#x413;&#x440;&#x43E;&#x43C;&#x43E;&#x432;$b&#x410;. &#x41D;.$c&#x43F;&#x438;&#x441;&#x430;&#x442;&#x435;&#x43B;&#x44C;-&#x444;&#x430;&#x43D;&#x442;&#x430;&#x441;&#x442;$f1959-$g&#x410;&#x43B;&#x435;&#x43A;&#x441;&#x430;&#x43D;&#x434;&#x440; &#x41D;&#x438;&#x43A;&#x43E;&#x43B;&#x430;&#x435;&#x432;&#x438;&#x447;$4070</subfield>
    <subfield code="t">&#x421;&#x43A;&#x432;&#x435;&#x440;&#x43D;&#x430;</subfield>
    <subfield code="a">&#x413;&#x440;&#x43E;&#x43C;&#x43E;&#x432;, &#x410;&#x43B;&#x435;&#x43A;&#x441;&#x430;&#x43D;&#x434;&#x440; &#x41D;&#x438;&#x43A;&#x43E;&#x43B;&#x430;&#x435;&#x432;&#x438;&#x447; (&#x43F;&#x438;&#x441;&#x430;&#x442;&#x435;&#x43B;&#x44C;-&#x444;&#x430;&#x43D;&#x442;&#x430;&#x441;&#x442; ; 1959-)</subfield>
  </datafield>
  <datafield tag="464" ind1=" " ind2="0">
    <subfield code="1">2001#$a&#x417;&#x430;&#x43A;&#x43E;&#x43B;&#x434;&#x43E;&#x432;&#x430;&#x43D;&#x43D;&#x44B;&#x439; &#x441;&#x435;&#x43A;&#x442;&#x43E;&#x440;</subfield>
    <subfield code="1">700#1$3RU\NLR\auth\771678$a&#x412;&#x430;&#x441;&#x438;&#x43B;&#x44C;&#x435;&#x432;$b&#x412;. &#x41D;.$c&#x444;&#x430;&#x43D;&#x442;&#x430;&#x441;&#x442;$f1967-$g&#x412;&#x43B;&#x430;&#x434;&#x438;&#x43C;&#x438;&#x440; &#x41D;&#x438;&#x43A;&#x43E;&#x43B;&#x430;&#x435;&#x432;&#x438;&#x447;$4070</subfield>
    <subfield code="t">&#x417;&#x430;&#x43A;&#x43E;&#x43B;&#x434;&#x43E;&#x432;&#x430;&#x43D;&#x43D;&#x44B;&#x439; &#x441;&#x435;&#x43A;&#x442;&#x43E;&#x440;</subfield>
    <subfield code="a">&#x412;&#x430;&#x441;&#x438;&#x43B;&#x44C;&#x435;&#x432;, &#x412;&#x43B;&#x430;&#x434;&#x438;&#x43C;&#x438;&#x440; &#x41D;&#x438;&#x43A;&#x43E;&#x43B;&#x430;&#x435;&#x432;&#x438;&#x447; (&#x444;&#x430;&#x43D;&#x442;&#x430;&#x441;&#x442; ; 1967-)</subfield>
  </datafield>
  <datafield tag="464" ind1=" " ind2="0">
    <subfield code="1">2001#$a&#x421;&#x43A;&#x430;&#x437;&#x43A;&#x430; &#x43E; &#x442;&#x440;&#x443;&#x441;&#x43B;&#x438;&#x432;&#x43E;&#x43C; &#x43F;&#x43E;&#x440;&#x442;&#x43D;&#x44F;&#x436;&#x43A;&#x435;</subfield>
    <subfield code="1">700#1$3RU\NLR\auth\77833$a&#x41B;&#x443;&#x43A;&#x44C;&#x44F;&#x43D;&#x435;&#x43D;&#x43A;&#x43E;$b&#x421;. &#x412;.$f1968-$g&#x421;&#x435;&#x440;&#x433;&#x435;&#x439; &#x412;&#x430;&#x441;&#x438;&#x43B;&#x44C;&#x435;&#x432;&#x438;&#x447;$4070</subfield>
    <subfield code="t">&#x421;&#x43A;&#x430;&#x437;&#x43A;&#x430; &#x43E; &#x442;&#x440;&#x443;&#x441;&#x43B;&#x438;&#x432;&#x43E;&#x43C; &#x43F;&#x43E;&#x440;&#x442;&#x43D;&#x44F;&#x436;&#x43A;&#x435;</subfield>
    <subfield code="a">&#x41B;&#x443;&#x43A;&#x44C;&#x44F;&#x43D;&#x435;&#x43D;&#x43A;&#x43E;, &#x421;&#x435;&#x440;&#x433;&#x435;&#x439; &#x412;&#x430;&#x441;&#x438;&#x43B;&#x44C;&#x435;&#x432;&#x438;&#x447; (1968-)</subfield>
  </datafield>
  <datafield tag="464" ind1=" " ind2="0">
    <subfield code="1">2001#$a&#x414;&#x438;&#x43F;&#x43B;&#x43E;&#x43C;&#x430;&#x442;&#x438;&#x447;&#x435;&#x441;&#x43A;&#x438;&#x439; &#x432;&#x43E;&#x43F;&#x440;&#x43E;&#x441;</subfield>
    <subfield code="1">700#1$a&#x41F;&#x430;&#x43D;&#x43E;&#x432;$b&#x412;.$g&#x412;&#x430;&#x434;&#x438;&#x43C;$4070</subfield>
    <subfield code="t">&#x414;&#x438;&#x43F;&#x43B;&#x43E;&#x43C;&#x430;&#x442;&#x438;&#x447;&#x435;&#x441;&#x43A;&#x438;&#x439; &#x432;&#x43E;&#x43F;&#x440;&#x43E;&#x441;</subfield>
    <subfield code="a">&#x41F;&#x430;&#x43D;&#x43E;&#x432;, &#x412;&#x430;&#x434;&#x438;&#x43C;</subfield>
  </datafield>
  <datafield tag="686" ind1=" " ind2=" ">
    <subfield code="a">&#x428;6(2=&#x420;)75-445</subfield>
  </datafield>
  <datafield tag="702" ind1=" " ind2="1">
    <subfield code="a">&#x421;&#x438;&#x43D;&#x438;&#x446;&#x44B;&#x43D;</subfield>
    <subfield code="b">&#x410;.</subfield>
    <subfield code="g">&#x410;&#x43D;&#x434;&#x440;&#x435;&#x439;</subfield>
    <subfield code="4">220</subfield>
  </datafield>
  <datafield tag="711" ind1="1" ind2="2">
    <subfield code="a">"&#x415;&#x432;&#x440;&#x43E;&#x43A;&#x43E;&#x43D;", &#x43A;&#x43E;&#x43D;&#x444;&#x435;&#x440;&#x435;&#x43D;&#x446;&#x438;&#x44F; &#x43F;&#x440;&#x43E;&#x444;&#x435;&#x441;&#x441;&#x438;&#x43E;&#x43D;&#x430;&#x43B;&#x43E;&#x432; &#x438; &#x43B;&#x44E;&#x431;&#x438;&#x442;&#x435;&#x43B;&#x435;&#x439; &#x444;&#x430;&#x43D;&#x442;&#x430;&#x441;&#x442;&#x438;&#x43A;&#x438;</subfield>
    <subfield code="f">2008</subfield>
    <subfield code="e">&#x420;&#x43E;&#x441;&#x441;&#x438;&#x44F;</subfield>
    <subfield code="3">RU\NLR\AUTH\8810124115</subfield>
    <subfield code="9">745864</subfield>
  </datafield>
  <datafield tag="801" ind1=" " ind2="0">
    <subfield code="a">RU</subfield>
    <subfield code="b">&#x426;&#x423;&#x41D;&#x411; &#x41C;&#x43E;&#x441;&#x43A;&#x432;&#x430;</subfield>
    <subfield code="c">20081111</subfield>
    <subfield code="g">rcr</subfield>
  </datafield>
  <datafield tag="801" ind1=" " ind2="1">
    <subfield code="a">RU</subfield>
    <subfield code="b">&#x426;&#x423;&#x41D;&#x411; &#x41C;&#x43E;&#x441;&#x43A;&#x432;&#x430;</subfield>
    <subfield code="c">20081111</subfield>
    <subfield code="2">rusmarc</subfield>
  </datafield>
  <datafield tag="801" ind1=" " ind2="2">
    <subfield code="a">RU</subfield>
    <subfield code="b">NLR</subfield>
    <subfield code="c">20081226</subfield>
    <subfield code="g">rcr</subfield>
  </datafield>
  <datafield tag="942" ind1=" " ind2=" ">
    <subfield code="c">BOOK</subfield>
  </datafield>
  <datafield tag="980" ind1=" " ind2=" ">
    <subfield code="a">NB</subfield>
  </datafield>
  <datafield tag="995" ind1=" " ind2=" ">
    <subfield code="5">2008-12-26</subfield>
    <subfield code="a">ad</subfield>
    <subfield code="b">NLR01</subfield>
    <subfield code="c">NLR01</subfield>
    <subfield code="e">RF9</subfield>
    <subfield code="f">2823737</subfield>
    <subfield code="k">2008-5/11504</subfield>
    <subfield code="o">0</subfield>
    <subfield code="r">BOOK</subfield>
    <subfield code="s">2008511504_</subfield>
  </datafield>
  <datafield tag="995" ind1=" " ind2=" ">
    <subfield code="5">2008-12-26</subfield>
    <subfield code="a">ad</subfield>
    <subfield code="b">NLR01</subfield>
    <subfield code="c">NLR01</subfield>
    <subfield code="e">RF9</subfield>
    <subfield code="f">2823738</subfield>
    <subfield code="k">2008-5/11504</subfield>
    <subfield code="o">0</subfield>
    <subfield code="r">BOOK</subfield>
    <subfield code="s">2008511504_</subfield>
  </datafield>
</record>
